000 00451nmm a2200169Ia 4500
008 251105s9999||||xx |||||||||||||||||und||
020 _a9788499531922
041 _aspa
100 _aBlasco Ibáñez, Vicente
245 0 _aLa catedral
264 _a[Madrid, España] :
_bLinkgua,
_c2016
300 _a140 páginas
490 _aNarrativa
650 _aSpanish narrative
856 _uhttps://public.digitaliapublishing.com/a/16324
942 _cCF
999 _c93060
_d93060